Country by letter #16: All countries starting with the letter P - Statistics

General Stats
  • This quiz has been taken 27 times
  • The average score is 9 of 10
Answer Stats
Hint Answer % Correct
Europe Poland
100%
Europe Portugal
96%
Asia Pakistan
92%
South America Paraguay
92%
South America Peru
92%
North America Panama
88%
Oceania Papua New Guinea
88%
Asia Philippines
88%
Oceania Palau
83%
Asia Palestine
63%
No matching quizzes found
Score Distribution
Percent of People with Each Score
Percentile by Number Answered
Your Score History
You have not taken this quiz